Prípravná fáza verejného obstarávania a prípravné trhové konzultácie

Verejné obstarávanie na zákazku na dodanie tovaru, poskytnutie služieb alebo uskutočnenie stavebných prác je činnosťou, ktorá zaberá celú sféru hospodárskych aktivít, t. j. ako výsledok procesu verejného obstarávania sa zadávajú zákazky zo všetkých oblastí hospodárskych aktivít. V príspevku sa dozvi...

ver descrição completa

Na minha lista:
Detalhes bibliográficos
Autor principal: Scheberová, Magdaléna
Formato: Capítulo de Livro
Idioma:eslovaco
Assuntos:
Tags: Adicionar Tag
Sem tags, seja o primeiro a adicionar uma tag!

MARC

LEADER 00000naa a2200000 4500
001 0296123
005 20240417075246.8
041 0 |a slo 
044 |a SK 
245 1 0 |a Prípravná fáza verejného obstarávania a prípravné trhové konzultácie  |c Magdaléna Scheberová 
520 |a Verejné obstarávanie na zákazku na dodanie tovaru, poskytnutie služieb alebo uskutočnenie stavebných prác je činnosťou, ktorá zaberá celú sféru hospodárskych aktivít, t. j. ako výsledok procesu verejného obstarávania sa zadávajú zákazky zo všetkých oblastí hospodárskych aktivít. V príspevku sa dozviete viac o prípravných trhových konzultáciách. 
610 2 0 |a obstarávanie verejné 
610 2 0 |a zákazky 
610 2 0 |a konzultácie 
610 2 0 |a súťaž hospodárska 
610 2 0 |a stavby 
100 1 |a Scheberová, Magdaléna